Central Library OPAC University of Rajshahi

The religious teachers of Greece / (Record no. 31934)

MARC details
000 -LEADER
fixed length control field 00800nam a2200253u 4500
001 - CONTROL NUMBER
control field 31934
003 - CONTROL NUMBER IDENTIFIER
rucl marc code BD-RjUL
005 - DATE AND TIME OF LATEST TRANSACTION
control field 20211209051752.0
008 - FIXED-LENGTH DATA ELEMENTS--GENERAL INFORMATION
fixed length control field 140423s1908 stkc 001 0 eng d
035 ## - SYSTEM CONTROL NUMBER
System control number (BD-RjUL)32023
040 ## - CATALOGING SOURCE
Original cataloging agency DLC
Transcribing agency CarP
Modifying agency DLC
-- BD-RjUL
Language of cataloging eng
041 ## - LANGUAGE CODE
Language code of text/sound track or separate title eng
082 00 - DEWEY DECIMAL CLASSIFICATION NUMBER
Classification number 292.08
Author mark and year ADR 1908
100 1# - MAIN ENTRY--PERSONAL NAME
Personal name Adam, James,
Dates associated with a name 1860-1907. [from old catalog]
9 (RLIN) 97229
245 14 - TITLE STATEMENT
Title The religious teachers of Greece /
Statement of responsibility, etc. being Gifford lectures on natural religion delivered at Aberdeen,
260 ## - PUBLICATION, DISTRIBUTION, ETC. (IMPRINT)
Place of publication, distribution, etc. Edinburgh :
Name of publisher, distributor, etc. T. & T. Clark,
Date of publication, distribution, etc. 1908.
300 ## - PHYSICAL DESCRIPTION
Pagination Lv, 467p. :
Illustrations front. (port.) ;
Size 23 cm.
504 ## - BIBLIOGRAPHY, ETC. NOTE
Bibliography, etc Include index
651 #0 - SUBJECT ADDED ENTRY--GEOGRAPHIC NAME
Geographic name Greece
General subdivision Religion.
9 (RLIN) 93576
700 1# - ADDED ENTRY--PERSONAL NAME
Personal name Adam, Adela Marion,
Relator term ed.
942 ## - ADDED ENTRY ELEMENTS (KOHA)
Source of classification or shelving scheme Dewey Decimal Classification
Koha item type Books
Holdings
Lost status Source of classification or shelving scheme Damaged status Not for loan Collection code Permanent Location Current Location Shelving location Date acquired Source of acquisition Cost, normal purchase price Total Checkouts Full call number Date last seen Copy number Koha item type
  Dewey Decimal Classification   Not For Loan Non-fiction Central Library, University of Rajshahi Central Library, University of Rajshahi Reading Room 04/12/1956 Black well 12.00   292.08 ADR 1908 23/04/2014 C-1 Books